Calculus: early transcendental functions. -- 3rd ed. (Record no. 77994)

MARC details
000 -LEADER
fixed length control field 01306nam a2200241 a 4500
008 - FIXED-LENGTH DATA ELEMENTS--GENERAL INFORMATION
fixed length control field 090827s2007 ||||||||||||||||| || u
020 ## - INTERNATIONAL STANDARD BOOK NUMBER
International Standard Book Number 0072870303
050 ## - LIBRARY OF CONGRESS CALL NUMBER
Classification number QA 303.2 Smi
100 ## - MAIN ENTRY--PERSONAL NAME
Personal name Smith, Robert
245 10 - TITLE STATEMENT
Title Calculus: early transcendental functions. -- 3rd ed.
Statement of responsibility, etc. by Robert T. Smith and Roland B. Minton
250 ## - EDITION STATEMENT
Edition statement 3rd. ed.
260 ## - PUBLICATION, DISTRIBUTION, ETC.
Place of publication, distribution, etc. New York:
Name of publisher, distributor, etc. McGraw-Hill
Date of publication, distribution, etc. 2007
300 ## - PHYSICAL DESCRIPTION
Extent xxxii, various pagings. ill.
350 ## -
-- 0.00
650 ## - SUBJECT ADDED ENTRY--TOPICAL TERM
Topical term or geographic name entry element CALCULUS--TEXTBOOKS
650 #0 - SUBJECT ADDED ENTRY--TOPICAL TERM
Topical term or geographic name entry element MATHEMATICS--HANDBOOKS, MANUALS, ETC
650 #0 - SUBJECT ADDED ENTRY--TOPICAL TERM
Topical term or geographic name entry element VARIABLES (MATHEMATICS)
700 ## - ADDED ENTRY--PERSONAL NAME
Personal name Minton, Roland B
995 ## -
-- MAIN LIBRARY OPEN ACCESS
-- 0.00
-- 740334
-- CBU-MAIN LIBRARY (Kitwe)
-- 1
-- 0.00
-- QA 303.2 Smi
-- 3
-- AVAILABLE
-- Aug 27, 2009
-- 740334
-- Main Library Open Access Collection
995 ## -
-- MAIN LIBRARY OPEN ACCESS
-- 0.00
-- 740335
-- CBU-MAIN LIBRARY (Kitwe)
-- 1
-- 0.00
-- QA 303.2 Smi
-- 4
-- DAMAGED
-- Aug 27, 2009
-- 740335
-- Main Library Open Access Collection
995 ## -
-- MAIN LIBRARY OPEN ACCESS
-- 0.00
-- 740332
-- CBU-MAIN LIBRARY (Kitwe)
-- 1
-- 0.00
-- QA 303.2 Smi
-- 1
-- AVAILABLE
-- Aug 27, 2009
-- 740332
-- Main Library Open Access Collection
995 ## -
-- MAIN LIBRARY OPEN ACCESS
-- 0.00
-- 740333
-- CBU-MAIN LIBRARY (Kitwe)
-- 1
-- 0.00
-- QA 303.2 Smi
-- 2
-- DAMAGED
-- Aug 27, 2009
-- 740333
-- Main Library Open Access Collection
999 ## -
-- 77994
-- 77994
Holdings
Withdrawn status Lost status Source of classification or shelving scheme Damaged status Not for loan Permanent Location Current Location Shelving location Date acquired Total Checkouts Full call number Barcode Date last seen Copy number Price effective from Koha item type
          CBU-MAIN LIBRARY, KITWE. CBU-MAIN LIBRARY, KITWE.   05/03/2023   QA 303.2 Smi 740334 05/03/2023 1 05/03/2023 MONOGRAPH
          CBU-MAIN LIBRARY, KITWE. CBU-MAIN LIBRARY, KITWE.   05/03/2023   QA 303.2 Smi 740335 05/03/2023 2 05/03/2023 MONOGRAPH
          CBU-MAIN LIBRARY, KITWE. CBU-MAIN LIBRARY, KITWE.   05/03/2023   QA 303.2 Smi 740332 11/06/2023 3 05/03/2023 MONOGRAPH
          CBU-MAIN LIBRARY, KITWE. CBU-MAIN LIBRARY, KITWE.   05/03/2023   QA 303.2 Smi 740333 05/03/2023 4 05/03/2023 MONOGRAPH